000 00957nam0a22002531 4500
001 rc\4665580
005 20250612002302.0
035 _a(NLR Aleph) 008418877
090 _a9343947
_c9343947
100 _a20130416d1965 |||y0rusy50 ca
101 0 _arus
102 _aRU
105 _aa z |||||
200 1 _aСанкт-Петербургские высшие женские (Бестужевские) курсы (1878-1918 гг.)
_eСб. ст.
_fЛГУ им. А.А. Жданова
_gПод общ. ред. проф. С.Н. Валка и др.
210 _aЛенинград
_cИзд-во ЛГУ
_d1965
215 _a288 с., [1] л. ил.
_cил.
_d22
300 _aВзамен утр.
702 1 _4340
_7ca
_8rus
_aВалк
_bС. Н.
_f1887-1975
_gСигизмунд Натанович
_9201426
_3RU\NLR\AUTH\770201477
801 0 _aRU
_bNLR
_gpsbo
801 1 _aRU
_bELAR
_2rusmarc
852 _aNLR
_j65-5/5035
942 _cBOOK
980 _aNB